[Event "4NCL Division Three Knights"]
[Site "Telford, ENG"]
[Date "2024.05.05"]
[Round "10.51"]
[White "Kelmendi, Bajrush"]
[Black "Payne, Matthew J"]
[Result "0-1"]
[WhiteElo "2070"]
[BlackElo "2186"]
[PlyCount "66"]
[EventDate "2024.05.05"]
[WhiteTeam "Celtic Tigers 2"]
[BlackTeam "Sussex Martlets 2"]

1. e4 e6 2. c4 d5 3. e5 c5 4. f4 Nh6 5. Nf3 Nc6 6. Nc3 Nf5 7. g3 h5 8. cxd5
exd5 9. Bb5 d4 10. Ne4 a6 11. Bxc6+ bxc6 12. d3 Be6 13. b3 a5 14. Ba3 h4 15.
Kf2 Qb6 16. Qc2 Ne3 17. Qc1 Ng4+ 18. Ke2 hxg3 19. hxg3 Rxh1 20. Qxh1 O-O-O 21.
Qc1 Rd5 22. Nfd2 f6 23. Nc4 Qa7 24. Ncd6+ Bxd6 25. exd6 Rh5 26. Bxc5 Rh2+ 27.
Kf3 Qd7 28. Bxd4 f5 29. Qc5 Bd5 30. Rc1 fxe4+ 31. dxe4 Nh6 32. f5 Qxf5+ 33. Ke3
Qxe4# 0-1

[Event "4NCL Division Three Knights"]
[Site "Telford, ENG"]
[Date "2024.05.05"]
[Round "10.52"]
[White "Hedger, Alec"]
[Black "Lea, Daniel J"]
[Result "0-1"]
[WhiteElo "2110"]
[BlackElo "1983"]
[PlyCount "58"]
[EventDate "2024.05.05"]
[WhiteTeam "Sussex Martlets 2"]
[BlackTeam "Celtic Tigers 2"]

1. e4 e6 2. d4 d5 3. e5 c5 4. c3 Nc6 5. Nf3 Bd7 6. Be2 Qc7 7. O-O f6 8. Bf4
fxe5 9. Nxe5 Bd6 10. Bh5+ g6 11. Re1 Nxe5 12. dxe5 Bf8 13. Bf3 Bh6 14. Qd2 Bxf4
15. Qxf4 O-O-O 16. c4 Bc6 17. Qg4 Qf7 18. cxd5 Bxd5 19. Bxd5 Rxd5 20. Nc3 Rd4
21. Re4 Nh6 22. Qe2 Kb8 23. Rxd4 cxd4 24. Nb5 Nf5 25. Rc1 Qd7 26. g4 d3 27. Qd2
Qxb5 28. gxf5 gxf5 29. Qc3 Rg8+ 0-1

[Event "4NCL Division Three Knights"]
[Site "Telford, ENG"]
[Date "2024.05.05"]
[Round "10.53"]
[White "Skulte, Christopher"]
[Black "Nguyen, Anh"]
[Result "1-0"]
[WhiteElo "2016"]
[BlackElo "2013"]
[PlyCount "77"]
[EventDate "2024.05.05"]
[WhiteTeam "Celtic Tigers 2"]
[BlackTeam "Sussex Martlets 2"]

1. e4 c5 2. Nf3 d6 3. c3 Nf6 4. Be2 g6 5. O-O Bg7 6. Na3 O-O 7. Qc2 Nc6 8. Re1
a6 9. Nc4 Qc7 10. a4 e5 11. h3 d5 12. exd5 Nxd5 13. Bf1 Bf5 14. d3 Rfe8 15. Ng5
Rad8 16. a5 Nf6 17. Be3 Qe7 18. Ne4 Nxe4 19. dxe4 Be6 20. Nb6 Bf8 21. Qa4 Qc7
22. Red1 Rxd1 23. Rxd1 Rd8 24. Rxd8 Qxd8 25. Bxa6 Nxa5 26. Qxa5 bxa6 27. Bxc5
Qd1+ 28. Kh2 Qd2 29. Be3 Qxb2 30. Qxe5 Qa3 31. g3 Qd6 32. Qa5 Qd3 33. Nd5 Bxd5
34. exd5 Qb5 35. Qd8 a5 36. Bd4 f6 37. d6 a4 38. d7 a3 39. Qc8 1-0

[Event "4NCL Division Three Knights"]
[Site "Telford, ENG"]
[Date "2024.05.05"]
[Round "10.54"]
[White "Graham, William M"]
[Black "Serbanescu, Diana-Maria"]
[Result "1-0"]
[WhiteElo "1949"]
[BlackElo "2058"]
[PlyCount "79"]
[EventDate "2024.05.05"]
[WhiteTeam "Sussex Martlets 2"]
[BlackTeam "Celtic Tigers 2"]

1. e4 d6 2. d4 Nf6 3. Nc3 e5 4. Nf3 Nbd7 5. Rg1 c6 6. g4 g6 7. g5 Nh5 8. Be3
Qc7 9. Qd2 Ng7 10. O-O-O Ne6 11. Bc4 Nb6 12. Bb3 exd4 13. Nxd4 Bd7 14. Bf4
O-O-O 15. Bg3 h6 16. h4 hxg5 17. hxg5 Nxg5 18. Kb1 Ne6 19. Nf3 Nc5 20. Bxf7 Bg4
21. Qf4 Kb8 22. Bxg6 Be6 23. Bf5 Bc4 24. Qe3 Nbd7 25. Qd4 Be7 26. Qxc4 b5 27.
Qf1 b4 28. Ne2 Ka8 29. Bxd7 Nxd7 30. Ned4 Nc5 31. e5 Qb7 32. exd6 Bf6 33. Qc4
Rh5 34. Ne6 Nxe6 35. Qxe6 Bc3 36. Be5 Qb5 37. Rg8 Rb8 38. Rxb8+ Qxb8 39. d7
Bxe5 40. d8=Q 1-0

[Event "4NCL Division Three Knights"]
[Site "Telford, ENG"]
[Date "2024.05.05"]
[Round "10.55"]
[White "Stevenson, James"]
[Black "Honarvarmahalati, Hooman"]
[Result "1-0"]
[WhiteElo "1998"]
[BlackElo "1853"]
[PlyCount "245"]
[EventDate "2024.05.05"]
[WhiteTeam "Celtic Tigers 2"]
[BlackTeam "Sussex Martlets 2"]

1. e4 e5 2. Nf3 Nc6 3. d4 exd4 4. Bc4 Nf6 5. e5 d5 6. Bb5 Nd7 7. O-O Be7 8. e6
fxe6 9. Bxc6 bxc6 10. Nxd4 Nc5 11. Nxc6 Qd6 12. Nxe7 Qxe7 13. Be3 O-O 14. Qd4
Nd7 15. b4 c6 16. f4 a5 17. c3 Ba6 18. Re1 Qh4 19. Nd2 Rf6 20. Nf3 Qh5 21. Bf2
Bc4 22. a3 Qf5 23. Bg3 Qd3 24. Qxd3 Bxd3 25. Re3 Be4 26. Ng5 Bf5 27. Rae1 Nf8
28. Nf3 Be4 29. Nd2 Bc2 30. Nf3 Be4 31. Ne5 Ng6 32. Nxc6 axb4 33. axb4 Ra2 34.
R3e2 Ra3 35. Rc1 Bd3 36. Rf2 h5 37. h4 Rf8 38. Nd4 Rc8 39. Nxe6 Rcxc3 40. Rxc3
Rxc3 41. Kh2 Rc4 42. Rb2 Bf5 43. Ng5 d4 44. b5 d3 45. b6 Rc8 46. b7 Rb8 47. Bf2
Bc8 48. bxc8=Q+ Rxc8 49. Kg3 Rc2 50. Rb8+ Nf8 51. Rd8 d2 52. Be3 Rc3 53. Kf2
Rc8 54. Rxd2 Ng6 55. g3 Ne7 56. Bd4 Nf5 57. Be5 g6 58. Rb2 Kf8 59. Rb8 Rxb8 60.
Bxb8 Ke7 61. Be5 Nh6 62. Ke3 Ng4+ 63. Kd4 Nf2 64. Ne4 Ng4 65. Bb8 Ke6 66. Nc5+
Kf5 67. Nd3 Nf6 68. Be5 Ne4 69. Ke3 Nxg3 70. Kf3 Ne4 71. Bd4 Nd6 72. Nc1 Ke6
73. Ne2 Kd5 74. Bf6 Ke6 75. Bg5 Kd5 76. Ng3 Kd4 77. Bf6+ Kd5 78. f5 gxf5 79.
Kf4 Ke6 80. Ba1 Kf7 81. Nxf5 Nb7 82. Kg5 Nd8 83. Nd4 Kg8 84. Kxh5 Kh7 85. Nf3
Nc6 86. Bf6 Nb4 87. Ng5+ Kg8 88. Kg6 Nd5 89. Ne6 Ne3 90. Nd4 Nd5 91. h5 Nf4+
92. Kg5 Nxh5 93. Kxh5 Kf7 94. Kg5 Ke8 95. Kf5 Kd7 96. Ke5 Kc7 97. Kd5 Kb6 98.
Bd8+ Kb7 99. Kd6 Kc8 100. Ba5 Kb7 101. Kc5 Ka6 102. Bb6 Kb7 103. Kb5 Ka8 104.
Kc6 Kb8 105. Nb5 Kc8 106. Nc7 Kb8 107. Bd4 Kc8 108. Ba7 Kd8 109. Nd5 Kc8 110.
Ne7+ Kd8 111. Kd6 Ke8 112. Ke6 Kf8 113. Nf5 Ke8 114. Bb6 Kf8 115. Ba5 Ke8 116.
Ng7+ Kf8 117. Kf6 Kg8 118. Kg6 Kh8 119. Bb4 Kg8 120. Nf5 Kh8 121. Ba3 Kg8 122.
Nh6+ Kh8 123. Bb2# 1-0

[Event "4NCL Division Three Knights"]
[Site "Telford, ENG"]
[Date "2024.05.05"]
[Round "10.56"]
[White "Chapman, Luke"]
[Black "Kitchen, Peter J"]
[Result "1-0"]
[WhiteElo "1691"]
[BlackElo "1807"]
[PlyCount "147"]
[EventDate "2024.05.05"]
[WhiteTeam "Sussex Martlets 2"]
[BlackTeam "Celtic Tigers 2"]

1. e4 e6 2. d4 d5 3. exd5 exd5 4. Nf3 Nf6 5. Bd3 Bd6 6. Qe2+ Be7 7. O-O O-O 8.
h3 Re8 9. Be3 h6 10. Nbd2 Be6 11. Ne5 c6 12. f4 Qc7 13. Rf3 c5 14. c3 cxd4 15.
cxd4 Nc6 16. Rg3 Ne4 17. Nxe4 dxe4 18. Bxe4 Bh4 19. Rf3 f5 20. Bd3 Rad8 21. Rc1
Qd6 22. Nxc6 bxc6 23. Bc4 Bd5 24. Bxd5+ Qxd5 25. Qc4 Bf6 26. Qxc6 Qxc6 27. Rxc6
Bxd4 28. Bxd4 Rxd4 29. Rc7 Re2 30. Rg3 Rxb2 31. Rgxg7+ Kf8 32. Rcf7+ Ke8 33.
Rxa7 Kf8 34. Rgc7 Re2 35. Rc8+ Re8 36. Rxe8+ Kxe8 37. g3 Rd3 38. Kf2 Rc3 39. h4
Rd3 40. Ra5 Ke7 41. Rxf5 Rd2+ 42. Kf3 Rxa2 43. Kg4 Ra3 44. h5 Ra4 45. Rb5 Kf6
46. Rb6+ Kg7 47. Rb7+ Kg8 48. Re7 Ra3 49. Kh4 Ra4 50. Re3 Kf7 51. Rf3 Kg7 52.
g4 Kf6 53. Kg3 Rb4 54. Rc3 Ra4 55. Rc6+ Kg7 56. Rc7+ Kg8 57. Re7 Ra3+ 58. Kf2
Ra4 59. Kf3 Rb4 60. g5 hxg5 61. fxg5 Rh4 62. h6 Rh1 63. Kg4 Ra1 64. Kh5 Ra6 65.
g6 Ra5+ 66. Kg4 Ra4+ 67. Kf5 Ra8 68. Rf7 Ra5+ 69. Kg4 Ra4+ 70. Kg5 Ra5+ 71. Rf5
Ra8 72. h7+ Kg7 73. Rf7+ Kh8 74. Kh6 1-0

[Event "4NCL Division Three Knights"]
[Site "Telford, ENG"]
[Date "2024.05.05"]
[Round "10.61"]
[White "Wilson, Ewan"]
[Black "Robson, Ian A"]
[Result "0-1"]
[WhiteElo "2015"]
[BlackElo "2087"]
[PlyCount "96"]
[EventDate "2024.05.05"]
[WhiteTeam "CSC/Kingston 2"]
[BlackTeam "Wotton Hall"]

1. e4 e5 2. Nf3 Nc6 3. Bb5 Nd4 4. Nxd4 exd4 5. O-O Bc5 6. d3 c6 7. Ba4 Ne7 8.
Bg5 O-O 9. Nd2 f6 10. Bh4 d5 11. exd5 Nxd5 12. Re1 Re8 13. Rxe8+ Qxe8 14. Ne4
Be7 15. Bb3 Be6 16. Bg3 Qd7 17. Qd2 Re8 18. c4 dxc3 19. Nxc3 Bb4 20. Qc2 Nxc3
21. bxc3 Bd6 22. Bxd6 Qxd6 23. Re1 Kf8 24. h3 Bf5 25. Rxe8+ Kxe8 26. Qe2+ Qe7
27. Qd2 Kd8 28. d4 g5 29. c4 Kc8 30. d5 cxd5 31. cxd5 Qe5 32. Qa5 Qa1+ 33. Kh2
Qe5+ 34. g3 Qd4 35. Qe1 Kd8 36. Qa5+ b6 37. Qe1 h5 38. Qe2 h4 39. Qe3 Qxe3 40.
fxe3 Be4 41. gxh4 gxh4 42. Kg1 Ke7 43. Kf2 b5 44. Bd1 Kd6 45. Be2 a6 46. Ke1
Bg2 47. Bg4 Bxd5 48. a3 Be6 0-1

[Event "4NCL Division Three Knights"]
[Site "Telford, ENG"]
[Date "2024.05.05"]
[Round "10.62"]
[White "Ashworth, Michael"]
[Black "Hasson, Peter"]
[Result "1/2-1/2"]
[WhiteElo "1997"]
[BlackElo "1965"]
[PlyCount "64"]
[EventDate "2024.05.05"]
[WhiteTeam "Wotton Hall"]
[BlackTeam "CSC/Kingston 2"]

1. d4 d5 2. c4 e6 3. Nc3 c5 4. cxd5 exd5 5. Nf3 Nc6 6. g3 Nf6 7. Bg2 cxd4 8.
Nxd4 Bc5 9. Nb3 Bb6 10. Nxd5 Be6 11. Nxf6+ Qxf6 12. O-O O-O 13. Nd2 Rad8 14. e3
Ne5 15. Qa4 Bd5 16. Qf4 Qe6 17. Nf3 Nd3 18. Qh4 Qc6 19. e4 Be6 20. Ng5 h6 21.
Nxe6 Qxe6 22. Qh5 Nxc1 23. Raxc1 Rd2 24. a4 Qa2 25. Qb5 Rxb2 26. Qc4 Qxc4 27.
Rxc4 Rd8 28. e5 g6 29. Bxb7 Rdd2 30. Rf4 Bxf2+ 31. R1xf2 Rxf2 32. Rxf2 Rxb7
1/2-1/2

[Event "4NCL Division Three Knights"]
[Site "Telford, ENG"]
[Date "2024.05.05"]
[Round "10.63"]
[White "Amato, Giampiero"]
[Black "Ashworth, Robert"]
[Result "1-0"]
[WhiteElo "1964"]
[BlackElo "1928"]
[PlyCount "77"]
[EventDate "2024.05.05"]
[WhiteTeam "CSC/Kingston 2"]
[BlackTeam "Wotton Hall"]

1. c4 e6 2. g3 d5 3. Bg2 Nf6 4. Nf3 Be7 5. O-O O-O 6. Qc2 b6 7. cxd5 exd5 8. d4
Bb7 9. Nc3 c6 10. Bg5 Nbd7 11. Rfd1 Ne4 12. Bxe7 Qxe7 13. Nxe4 dxe4 14. Nh4
Rfe8 15. Nf5 Qe6 16. Ne3 Rac8 17. Qc4 Qg6 18. Bh3 Rcd8 19. Rac1 Nf6 20. a4 Nd5
21. Nxd5 Rxd5 22. e3 h6 23. b4 Red8 24. Qc2 R8d6 25. Bg2 Re6 26. Bf1 Re7 27.
Qc3 h5 28. a5 b5 29. a6 Ba8 30. Qd2 h4 31. Rc5 hxg3 32. hxg3 Qd6 33. Rdc1 Re8
34. Qa2 Rd8 35. Rxd5 cxd5 36. Qa5 Bc6 37. Rxc6 Qxc6 38. Qxd8+ Kh7 39. Qa5 1-0

[Event "4NCL Division Three Knights"]
[Site "Telford, ENG"]
[Date "2024.05.05"]
[Round "10.64"]
[White "Moldovan, Alexandru-Mitic"]
[Black "Lawson, Maurice E"]
[Result "1-0"]
[WhiteElo "1879"]
[BlackElo "1978"]
[PlyCount "105"]
[EventDate "2024.05.05"]
[WhiteTeam "Wotton Hall"]
[BlackTeam "CSC/Kingston 2"]

1. e4 c6 2. d3 d5 3. Nf3 Bg4 4. h3 Bxf3 5. Qxf3 e6 6. Be2 Nf6 7. O-O Nbd7 8.
Nc3 d4 9. Nd1 Bd6 10. Bf4 Qc7 11. Bxd6 Qxd6 12. c3 c5 13. g3 O-O 14. Qg2 Rfd8
15. c4 Rab8 16. f4 e5 17. f5 b5 18. cxb5 Rxb5 19. b3 Rb7 20. g4 Ne8 21. h4 a5
22. Nb2 Nb6 23. g5 f6 24. Rf3 a4 25. bxa4 Qf8 26. Bd1 Kh8 27. Bb3 Nd6 28. Rc1
Rc8 29. Rg3 Rbc7 30. a5 Nd7 31. Nc4 Nxc4 32. Bxc4 Ra8 33. Qd2 Qb8 34. a3 Rb7
35. a6 Rb2 36. Rc2 Rb1+ 37. Kh2 Qb6 38. Be6 Ra7 39. Ba2 Rf1 40. Rb2 Qxa6 41.
Be6 Qd6 42. Qc2 Rf4 43. Bxd7 Rxh4+ 44. Kg2 Rxd7 45. Qxc5 g6 46. gxf6 Qxf6 47.
Rb8+ Kg7 48. Rb6 Qf7 49. Qxe5+ Kh6 50. fxg6 hxg6 51. Qg5+ Kg7 52. Qxh4 Qa2+ 53.
Kh3 1-0

[Event "4NCL Division Three Knights"]
[Site "Telford, ENG"]
[Date "2024.05.05"]
[Round "10.65"]
[White "Stayt, James N"]
[Black "Maclannan, Richard"]
[Result "1/2-1/2"]
[WhiteElo "1923"]
[BlackElo "1846"]
[PlyCount "72"]
[EventDate "2024.05.05"]
[WhiteTeam "CSC/Kingston 2"]
[BlackTeam "Wotton Hall"]

1. e4 e5 2. Nf3 Nc6 3. Bb5 a6 4. Ba4 Nf6 5. d4 exd4 6. O-O Be7 7. e5 Ne4 8.
Nxd4 O-O 9. Nf5 Nc5 10. Qg4 g6 11. Bxc6 dxc6 12. Nxe7+ Qxe7 13. Qg3 Re8 14. Bf4
Bf5 15. Qc3 g5 16. Be3 Ne4 17. Qc4 Qxe5 18. f4 Nd6 19. Qxf7+ Nxf7 20. fxe5 Rxe5
21. Bd4 Rd5 22. Nc3 Rxd4 23. Rxf5 Re8 24. Raf1 Re7 25. h3 h6 26. R5f2 Nd6 27.
b3 Kg7 28. Kh2 b5 29. a3 c5 30. Kg1 b4 31. axb4 cxb4 32. Na4 Ne4 33. Re1 Nxf2
34. Rxe7+ Kf6 35. Rxc7 Ne4 36. Rc6+ Rd6 1/2-1/2

[Event "4NCL Division Three Knights"]
[Site "Telford, ENG"]
[Date "2024.05.05"]
[Round "10.66"]
[White "Norris, Zack"]
[Black "Evans, Harry G"]
[Result "1/2-1/2"]
[WhiteElo "1827"]
[BlackElo "1938"]
[PlyCount "122"]
[EventDate "2024.05.05"]
[WhiteTeam "Wotton Hall"]
[BlackTeam "CSC/Kingston 2"]

1. c4 e5 2. Nc3 d6 3. g3 Be7 4. Bg2 f5 5. e3 Nf6 6. Nge2 O-O 7. O-O c6 8. Qb3
Qc7 9. d4 Be6 10. d5 Bf7 11. e4 fxe4 12. Nxe4 Nxe4 13. Bxe4 Nd7 14. Be3 Nf6 15.
Bg2 cxd5 16. cxd5 b6 17. Nc3 Ng4 18. Bd2 Be8 19. Rac1 Qd8 20. h3 Nf6 21. Nb5
Bd7 22. Be3 Ne8 23. Na3 Rc8 24. Rxc8 Qxc8 25. Rc1 Qa6 26. Nc2 Qa4 27. Qxa4 Bxa4
28. Nb4 Bd8 29. Nc6 Bxc6 30. Rxc6 h6 31. h4 Kf7 32. Bd2 Ke7 33. Bb4 Rf6 34. a4
Nc7 35. Bc3 Na6 36. f4 Nb8 37. fxe5 dxe5 38. Rc4 Nd7 39. Bh3 Rd6 40. Bb4 Nc5
41. Be6 a5 42. Ba3 Nxe6 43. Bxd6+ Kxd6 44. dxe6 Kxe6 45. Kf2 Be7 46. Kf3 Kd5
47. Rc7 Bf6 48. Ke3 e4 49. Rd7+ Kc4 50. Kxe4 Bxb2 51. Rc7+ Kb3 52. Rb7 Kxa4 53.
Rxb6 Bf6 54. Kd3 Ka3 55. Kc4 Ka4 56. Ra6 Bb2 57. h5 Ba1 58. Ra7 Bb2 59. Rd7 Bf6
60. Rd2 Ka3 61. Kb5 Kb3 1/2-1/2